00195 a2200085 450000100060000008200180000610000190002424500280004326000380007190257 a923.15487 SHA aSafdar Shaheen aSultan Mahmood Ghaznavi akarachibChildren Books Pubc2006